The architect, engineer, and operative builder's constructive manual, or, A practical and scientific treatise on the construction of artificial foundations for buildings, railways, &c (Record no. 114004)

MARC details
000 -LEADER
fixed length control field 00922cam a22001815a 4500
001 - CONTROL NUMBER
control field L156047
008 - FIXED-LENGTH DATA ELEMENTS--GENERAL INFORMATION
fixed length control field 120426s1839 xxk f 000 0 eng d
035 ## - SYSTEM CONTROL NUMBER
System control number (Sirsi) u156047
041 0# - LANGUAGE CODE
Language code of text/sound track or separate title eng
100 1# - MAIN ENTRY--PERSONAL NAME
Personal name Davy, Christopher
245 04 - TITLE STATEMENT
Title The architect, engineer, and operative builder's constructive manual, or, A practical and scientific treatise on the construction of artificial foundations for buildings, railways, &c
Remainder of title with a comparative view of the application of piling and concreting to such purpose ... ; to which is added, an analysis of the principal legal enactments affecting the operations of the practical builder
Statement of responsibility, etc. by Christopher Davy .. ; part I
260 ## - PUBLICATION, DISTRIBUTION, ETC.
Place of publication, distribution, etc. London
Name of publisher, distributor, etc. J. Williams
Date of publication, distribution, etc. 1839
300 ## - PHYSICAL DESCRIPTION
Extent lxvi, 179 p., 13 leaves of plates
Other physical details front
Dimensions 22 cm.
583 ## - ACTION NOTE
Action Condition reviewed
Time/date of action 20120620
Status condition level 1
651 #4 - SUBJECT ADDED ENTRY--GEOGRAPHIC NAME
Geographic name Great Britain
Chronological subdivision 1707-
690 ## - LOCAL SUBJECT ADDED ENTRY--TOPICAL TERM (OCLC, RLIN)
Topical term or geographic name as entry element Design and specification
942 ## - ADDED ENTRY ELEMENTS (KOHA)
Suppress in OPAC 0
Holdings
Withdrawn status Lost status Damaged status Not for loan Home library Current library Shelving location Date acquired Total Checkouts Full call number Barcode Date last seen Copy number Price effective from Koha item type
        Historic collection Historic collection Historic collection 26/04/2012   INFRASTRUCTURE QUARTO 1838 DAVY 30075890 27/08/2025 1 06/08/2019 Book